00249nam a22001097a 4500008004100000020001800041041000800059080000800067100000700075101000800082245004900090181206b xxu||||| |||| 00| 0 eng d a9780520212589 aeng a710 a45 aART aThe Art Of Richard DiebenkorncDavid.R.A